00477nam a2200169Ia 4500003000900000008004100009020001800050040001600068080001700084100001600101245006500117260003900182300001400221650002000235650004100255650001100296IN-BaIIA211028s9999 xx 000 0 eng d a0-486-62215-0 cIIA Library a535.417bTOL aTolansky, S 0aMultiple-Beam Interferometry Surfaces and FilmscS. Tolansky aNew YorkbDover Publicationsc1970 avi, 186p. aApplied Physics aAstronomy and Astrophysics Thesaurus aOptics